| 000 | 00697nam a2200253Ia 4500 | ||
|---|---|---|---|
| 003 | OSt | ||
| 005 | 20220924125254.0 | ||
| 006 | a|||||r|||| 00| 0 | ||
| 007 | ta | ||
| 008 | 220923b |||||||| |||| 00| 0 ara d | ||
| 024 | _a333436 | ||
| 037 | _cTextual | ||
| 040 |
_aARTS _cARTS _bara |
||
| 041 |
_2ara _aara |
||
| 082 | _aV45, 28F4 | ||
| 100 |
_aEl-Maqrizi Au. _9197963 |
||
| 245 | 0 | _aEl-Mawaiz wal-itibar | |
| 260 |
_aQahira _bL'insturdte Egypt _c1924 |
||
| 300 |
_a373p. _ccm. |
||
| 650 | _aARABIC LANGUAGE - HISTORY | ||
| 700 |
_a Wiet M.Gaston Ed. _9197964 |
||
| 942 |
_hV45, 28F4 _cTEXL _2CC |
||
| 999 |
_c422299 _d422299 |
||